01197nab a2200241uuc4500001000800000005001700008008004100025035001200066035002100078040001300099041000800112100005600120245010900176520034600285650002900631650003900660650003600699650002800735700005000763773011300813942001000926999001900936101608720260319101558.0070215e20060701 spa  a1016087 a(OCoLC)820147409 ccomduadb aspa10aPeña Ballesteros, Darío Yesid4auteaut940311710aEvaluación de la corrosión en un sistema O2-salmuera-acero AISI 102 por medio de la celda de impacto3 aEl estudio utilizo la tecnica de corriente limite para determinar los valores de transferencia de masa y esfuerzo de corte en la pared, los cuales se compararon con aquellos predichos por las correlaciones para la geometria de la celda de impacto; ademas, se obtuvieron las velocidades de corrosion para cada una de las condicones evaluadas. aEsfuerzo cortante964244 7aTransferencia de masa2lemb942968 aVelocidad de corrosión931433 aAcero de carbono93144110aSuárez S., María Teresa4auteaut94332310 tRevista Facultad de Ingeniería (Medellín)gNúmero 37, Julio 2006, p. 141-154w120998x0120-6230067890 cARIMP c418842d418842